Zbližovanie reálneho a potenciálneho

Ľudský potenciál ako jeden z významných faktorov regionálneho rozvoja. Teoretické východiská a definície. Termín ľudský potenciál, charakteristika a definícia. Budovanie konkurencieschopnosti regiónu. Vzdelanie verzus sociálny štát - medzinárodné porovnanie. Extenzívne a intenzívne činitele, ktoré o...

Ausführliche Beschreibung

Gespeichert in:
Bibliographische Detailangaben
1. Verfasser: Liptáková, Katarína
Format: Buchkapitel
Sprache:Slowakisch
Schlagworte:
Tags: Tag hinzufügen
Keine Tags, Fügen Sie das erste Tag hinzu!

MARC

LEADER 00000naa$a2200000$$$4500
001 0068282
005 20231016085312.1
041 0 |a slo 
044 |a SK 
245 1 0 |a Zbližovanie reálneho a potenciálneho  |c Katarína Liptáková 
520 |a Ľudský potenciál ako jeden z významných faktorov regionálneho rozvoja. Teoretické východiská a definície. Termín ľudský potenciál, charakteristika a definícia. Budovanie konkurencieschopnosti regiónu. Vzdelanie verzus sociálny štát - medzinárodné porovnanie. Extenzívne a intenzívne činitele, ktoré ovplyvňujú a vyvolávajú rozvoj. Opatrenia na zníženie rozdielov. Strategické ciele. 
610 2 0 |a potenciál ľudský 
610 2 0 |a rozvoj regionálny 
610 2 0 |a konkurencieschopnosť 
610 2 0 |a vzdelanie 
610 2 0 |a regióny 
100 1 |a Liptáková, Katarína